Statistiques concernant Villes nordiques - Carte Quiz

Cliquez ici pour prendre le quiz!

Statistiques générales

  • Ce quiz a été pris 4 925 fois
  • Le résultat moyen est 7 sur 12

Réponses sur la Carte

Les réponses sont colorées sur une échelle allant du rouge au vert en fonction du pourcentage des utilisateurs qui les ont devinées à leur premier essai. Vous pouvez retrouver ces pourcentages ci-dessous.
Chargement ...
 

Statistiques - réponses

Réponse% Correct
Reykjavík
93%
Oslo
88%
Copenhague
86%
Helsinki
86%
Stockholm
85%
Göteborg
51%
Bergen
49%
Oulu
38%
Aalborg
37%
Umeå
32%
Hammerfest
31%
Visby
30%

Distribution des résultats

Percentile par nombre de réponses

% des personnes avec chaque résultat

Votre développement - résultats

Vous n’avez pas pris ce quiz